Memes - Multiple Choice - Statistics

General Stats
  • This quiz has been taken 795 times
  • The average score is 7 of 9
Answer Stats
Question Answer % Correct
What was the meme called where the police kicked down h the door? FBI OPEN UP
94%
Which video game was a meme Among Us
88%
Which one is we live we love we lie Smurf Cat
86%
Which meme had an animal with a disc thing Pedro
85%
Which was made in the 2010s Nyan Cat
84%
Which is not a meme Piggy (Roblox game)
78%
Which meme is a skull 💀
75%
Which meme is dead Grimace Shake
60%
Which meme is my favorite? Hint:made in 2016 or 2017 FBI open up
26%
No matching quizzes found
Score Distribution
Percent of People with Each Score
Percentile by Number Answered
Your Score History
You have not taken this quiz